Normal view
MARC view
- Chrystal, G
Entry Personal Name
001 - CONTROL NUMBER
- control field: 113304
003 - CONTROL NUMBER IDENTIFIER
- control field: NUST
005 - DATE AND TIME OF LATEST TRANSACTION
- control field: 20230704133337.0
008 - FIXED-LENGTH DATA ELEMENTS
- fixed length control field: 230704|| aca||aabn | a|a d
040 ## - CATALOGING SOURCE
- Original cataloging agency: NUST
- Transcribing agency: NUST
100 ## - HEADING--PERSONAL NAME
- Personal name: Chrystal, G
670 ## - SOURCE DATA FOUND
- Source citation: Work cat.: (NUST)181701: Chrystal, G., Algebra:, 1906.
